| 000 | 00544cam a2200205 4500 | ||
|---|---|---|---|
| 001 | B3165 | ||
| 008 | 090401t1990 xxu||||| |||| 00| 0 eng d | ||
| 035 | _a(Sirsi) u54434 | ||
| 041 | _aeng | ||
| 050 | _a690.24 | ||
| 100 | _aHolmes, Roy | ||
| 245 | _aProperty condition assessment: a cost effective approach | ||
| 260 |
_aAscot,Berks _bChartered Institute of Building _c1990 |
||
| 300 | _a8p. ; 30cm. | ||
| 350 | _a3 | ||
| 490 |
_aTechnical Information Service _v122 |
||
| 650 | _aCONDITION SURVEYS | ||
| 942 | _n0 | ||
| 948 | _c04/03/1997 | ||
| 999 |
_c93472 _d93472 |
||